000 00625nam a22002177a 4500
003 UA-OsUOA
001 124257
007 ta
008 20170803b un ||||| |||| 00| 0 ukr d
100 _aСоцков О.
090 _a02
_bС69
942 _cSA
040 _aUA-OsUOA
_bukr
_cUA-OsUOA
_dUA-OsUOA
245 _aТренди для бібліотек у соціальних мережах
300 _aС.15-18
955 _a0
041 _aukr
080 _a02
773 0 _w124255
_tБібліотечний форум України
_dДонецьк
_d2017
_g3
650 7 _a02 Бібліотечна справа
_2UDC
999 _c412225
_d412225